Grupos, movimientos, tendencias del arte contemporáneo desde 1945

Gardado en:
Detalles Bibliográficos
Formato: Libro
Idioma:Lingua castelá
Publicado: Buenos Aires La Marca Editora 2010
Edición:1a. ed
Subjects:
Tags: Engadir etiqueta
Sen Etiquetas, Sexa o primeiro en etiquetar este rexistro!

MARC

LEADER 00000cam a2200000 a 4500
001 UCD1404
003 CL-VaPUC
008 160303e20100000ag |||||||||||||||||spa|d
020 |a 9789508891938 
082 0 4 |a 700.9  |b GRU  |2 21 
245 1 0 |a Grupos, movimientos, tendencias del arte contemporáneo desde 1945 
250 |a 1a. ed 
300 |a 310 p 
942 |c BK 
945 |d 20160303 03:41:00  |a dcastane 
260 |a Buenos Aires  |b La Marca Editora  |c 2010 
650 0 |a Historia del arte  |9 314877 
650 0 |a Historia del arte siglo 20  |9 265287 
650 0 |a Arte contemporáneo   |y Siglo 20   |9 550908 
583 |a last modification  |c 20160303 03:41:00  |k Rodrigo Vera 
999 |c 362745  |d 362743 
952 |0 0  |1 0  |3 erb  |4 0  |6 700_900000000000000_GRU_2010  |7 0  |8 R  |9 474206  |a BIBART  |b BIBART  |i 526572K  |l 6  |o 700.9 GRU 2010  |p 526572K  |r 2025-04-03  |s 2025-04-02  |w 2019-11-24  |y BK_R  |z Catalogado en:20160303  |k ART